| 000 | 00888nam a2200289Ia 4500 | ||
|---|---|---|---|
| 003 | OSt | ||
| 005 | 20221007122403.0 | ||
| 006 | a|||||r|||| 00| 0 | ||
| 007 | ta | ||
| 008 | 221006b |||||||| |||| 00| 0 eng d | ||
| 020 |
_a8170033179 (pbk) _c195.00 |
||
| 024 | _a82916 | ||
| 037 |
_b6892, 16/01/2009, Sethi Book _cTextbook |
||
| 040 |
_aPAPL _cPAPL _beng |
||
| 041 |
_2eng _aeng |
||
| 082 | _aC21, P8 Carpa | ||
| 100 |
_aSirdeshmukh D B _9714177 |
||
| 245 | 0 |
_aExperiments in solid state physics _b Subhadra K G |
|
| 250 | _a2 | ||
| 260 |
_aNew _bDelhi South Asian Publishers _c2008 |
||
| 300 |
_axiii, 174p. _ccm. |
||
| 500 | _aAppendix I-II, 169-174p. | ||
| 650 | _aPhysics | ||
| 700 |
_a Subhadra K G _9714178 |
||
| 942 |
_hC21, P8 Carpa _cTB _2CC |
||
| 999 |
_c1210260 _d1210260 |
||